| 000 | 01176nam a2200325 c 4500 | ||
|---|---|---|---|
| 003 | BLK | ||
| 005 | 20180420223228.0 | ||
| 008 | 180408b bul|||||r ||||||| ||bul|| | ||
| 010 | _aKNG00067964000 | ||
| 020 |
_a954-8805-73-1 _bиздат.: Грамма |
||
| 040 | _aBLK | ||
| 041 |
_aENG _cENG _hBUL |
||
| 080 |
_aАнглийски език _b811.111 _x(075.4) _z811.111(075.4) |
||
| 100 | 1 |
_aМаслева-Данчева, Надежда _eпърви автор _993965 |
|
| 139 |
_aМаслева-Данчева, Надежда _bМ 37 |
||
| 245 | 1 | 0 |
_aАнглийски език за държавния служител _cНадежда Маслева-Данчева. |
| 257 | _aBGR | ||
| 260 |
_аПлевен _bГрамма _c2006 _fВ. Търново : Абагар |
||
| 300 |
_a288 с. _bс ил. _c22 см |
||
| 380 | _a80 | ||
| 650 | 4 |
_aАнглийски език _9242420 |
|
| 653 | _aанглийски език | ||
| 653 | _aучебни помагала | ||
| 653 | _aдържавни служители | ||
| 852 | _aЦб 229076 | ||
| 856 | 4 |
_qpdf _u |
|
| 856 | 4 |
_qpdf _u |
|
| 942 |
_cKNG _n0 |
||
| 944 |
_aCR _c18.09.2006 _kГеновева_Генчева |
||
| 944 |
_aED _c24.01.2007 _k |
||
| 999 |
_c63706 _d63706 |
||